000 01198cam a22003134a 4500
001 15250668
005 20221012094042.0
008 080407s2008 caua b 001 0 eng
010 _a 2008014990
020 _a9781577315933 (hardcover : alk. paper)
040 _aDLC
_cDLC
_dDLC
050 0 0 _aBL313
_b.C28 2008
082 0 0 _a201.3
_bJOS
100 1 _aCampbell, Joseph,
_d1904-1987.
_999967
245 1 4 _aThe hero with a thousand faces /
_cJoseph Campbell.
250 _aChinese Edition
260 _aChina :
_bZhejiang People's Publishing House,
_c2016.
300 _a403 p. :
_c23 cm.
490 0 _aBollingen series XVII
504 _aIncludes bibliographical references (p. 363-382) and index.
650 0 _aMythology.
_938829
650 0 _aPsychoanalysis.
_911876
856 4 1 _3Table of contents only
_uhttp://www.loc.gov/catdir/toc/ecip0816/2008014990.html
880 _6100-02\r
_a黄珏苹 译 湛庐文化 出品 (美) 约瑟夫·坎贝尔
880 _6245-02\r
_a千面英雄(精装)
906 _a7
_bcbc
_corignew
_d1
_eecip
_f20
_gy-gencatlg
942 _2ddc
_cBK
999 _c591707
_d591707